Perú promesa (Registro nro. 264)

Detalles MARC
000 -Cabecera
Campo de control interno 00554nam a2200217Ia 4500
005 - Fecha y hora del registro
control field 20251203123022.0
008 - Elementos de Longitud Fija
fixed length control field 251203t1988||||xx |||||||||||||| ||spa||
020 ## - ISBN
ISBN 8476620845
041 ## - Idioma
Codigo Idioma ESP
082 ## - DEWEY y NOTACIÓN INTERNA
Dewey 985
Notación Interna P13
100 ## - AUTOR
Autor denominación Pacheco Vélez, César,
Títulos y otras palabras asociadas con el nombre editor
245 #0 - TÍTULO DE MATERIAL BIBLIOGRÁFICO
Título Perú promesa
Título paralelo
260 ## - CIUDAD, EDITORIAL, AÑO
Ciudad Lima :
Nombre de la Editorial Universidad del Pacifico
Año 1988
300 ## - DESCRIPCIÓN
N° Páginas 354 páginas:
Otros detalles ilustraciones, cuadros ;
Dimensiones 31 cm.
Material Adicional
440 ## - MENCIÓN DE SERIE
Título de la Serie
Número de Serie
Volumen de Serie
650 ## - TEMAS
Temas Geografía
653 ## - DESCRIPTORES
Lenguajes no controlado Perú, historia
654 ## - PROGRAMAS
Programa Todos los programas
942 ## - ELEMENTOS DE KOHA
Tipo de documento Libro
Nombre del creador Justo Noguera
Código de catalogador Mirtha Ponce
Esquema de clasificación Dewey Decimal Classification
Suppress in OPAC
Existencias
Codigo completo Registro Colección Copia número Disponibilidad Tipo de préstamo Biblioteca Actual Procedencia (Biblioteca) Ubicacón Fecha Ingreso Tipo de Adquisición Date last seen Total checkouts Price effective from Tipo de Item Estado del Material Fuente de Clasificación Damaged status Withdrawn status
985 P13 1085143 Colección Vera Bejar 1   Restringido Víctor Andrés Belaunde Víctor Andrés Belaunde Planta baja cerrada 03/12/2025 Donación 03/12/2025   03/12/2025 Libro Bueno Dewey Decimal Classification   Withdrawn